书目信息 |
| 题名: |
享·自然
|
|
| 作者: | ;许晓书 , 张海云 , 周川 译 ;高迪国际出版公司 主编 | |
| 分册: | ||
| 出版信息: | 南京 江苏人民出版社 2011.06 |
|
| 页数: | 335页 | |
| 开本: | 30cm | |
| 丛书名: | ||
| 单 册: | ||
| 中图分类: | TU241-64 | |
| 科图分类: | ||
| 主题词: | 住宅--zhu zhai--建筑设计--世界--图集 | |
| 电子资源: | ||
| ISBN: | 978-7-214-07108-8 | |
| 000 | 01127nam0 2200289 450 | |
| 001 | 1147340631 | |
| 005 | 20120221145315.23 | |
| 010 | @a978-7-214-07108-8@b精装@dCNY288.00@z7-214-07108-8 | |
| 010 | @dUSD53.00 | |
| 100 | @a20110808d2011 em y0chiy50 ea | |
| 101 | 0 | @achi@aeng |
| 102 | @aCN@b320000 | |
| 105 | @aa z 000yy | |
| 200 | 1 | @a享·自然@Axiang · zi ran@d= Villa in nature@e国际最新豪宅设计@f高迪国际出版有限公司主编@g张海云, 周川, 许晓书译@zeng |
| 210 | @a南京@c江苏人民出版社@d2011.06 | |
| 215 | @a335页@c图 (部分彩图)@d30cm | |
| 330 | @a在本书中, 读者将会看到一批体现可持续性设计方案的国际豪宅, 它们与之前受到普遍欢迎的设计有所不同。它们既熟悉又优雅, 同时又合乎情理、敏锐和极其清爽简单。 | |
| 510 | 1 | @aVilla in nature@zeng |
| 517 | 1 | @a国际最新豪宅设计@Aguo ji zui xin hao zhai she ji |
| 606 | 0 | @a住宅@Azhu zhai@x建筑设计@y世界@j图集 |
| 690 | @aTU241-64@v4 | |
| 702 | 0 | @a许晓书@Axu xiao shu@4译 |
| 702 | 0 | @a张海云@Azhang hai yun@4译 |
| 702 | 0 | @a周川@Azhou chuan@4译 |
| 711 | 02 | @a高迪国际出版公司@Agao di guo ji chu ban gong si@4主编 |
| 801 | 0 | @aCN@c20110808 |
| 905 | @dTU241-64@eX906 | |
| 享·自然= Villa in nature:国际最新豪宅设计/高迪国际出版有限公司主编/张海云, 周川, 许晓书译.-南京:江苏人民出版社,2011.06 |
| 335页:图 (部分彩图);30cm |
| ISBN 978-7-214-07108-8(精装):CNY288.00 |
| 在本书中, 读者将会看到一批体现可持续性设计方案的国际豪宅, 它们与之前受到普遍欢迎的设计有所不同。它们既熟悉又优雅, 同时又合乎情理、敏锐和极其清爽简单。 |
| ● |
| 相关链接 |
|
|
|
正题名:享·自然
索取号:TU241-64/X906
 
预约/预借
| 序号 | 登录号 | 条形码 | 馆藏地/架位号 | 状态 | 备注 |
| 1 | 1222151 | 212221512 | 建筑库101/101建筑库 62排2列1层/ [索取号:TU241-64/X906] | 在馆 | |
| 2 | 1222152 | 212221521 | 建筑库101/101建筑库 62排2列1层/ [索取号:TU241-64/X906] | 在馆 | |
| 3 | 483855 | 204838550 | 建筑库101/101建筑库 62排2列1层/ [索取号:TU241-64/X906] | 在馆 |